Start preparing now for new controls on farm waste (Record no. 73770)

MARC details
000 -LEADER
fixed length control field 01090cam a2200193 4500
001 - CONTROL NUMBER
control field WB3943-19
008 - FIXED-LENGTH DATA ELEMENTS--GENERAL INFORMATION
fixed length control field 031112n2003 000 0 eng u
035 ## - SYSTEM CONTROL NUMBER
System control number (Sirsi) u124287
245 ## - TITLE STATEMENT
Title Start preparing now for new controls on farm waste
260 ## - PUBLICATION, DISTRIBUTION, ETC.
Date of publication, distribution, etc. 2003
490 ## - SERIES STATEMENT
Series statement DEFRA News Release
Volume/sequential designation (466/03) 7 November 2003 (3)
520 ## - SUMMARY, ETC.
Summary, etc. The Agricultural Waste Stakeholders' Forum has published a leaflet summarising changes and information about new waste management controls for agriculture which are due in 2004. The changes will implement EU legislation, and mean that uncontrolled burning of waste on farms and the use of 'farm tips' will be unlawful. Full consultation is due to take place in the next few months. The press release can be viewed at http://www.gnn.gov.uk. More information from Defra is available from http://www,defra.gov.uk/environment/waste/agforum/
590 ## - LOCAL NOTE (RLIN)
Local note WB
650 ## - SUBJECT ADDED ENTRY--TOPICAL TERM
Topical term or geographic name entry element AGRICULTURAL WASTE STAKEHOLDERS' FORUM
650 ## - SUBJECT ADDED ENTRY--TOPICAL TERM
Topical term or geographic name entry element FARM WASTE
650 ## - SUBJECT ADDED ENTRY--TOPICAL TERM
Topical term or geographic name entry element AGRICULTURAL WASTE
690 ## - LOCAL SUBJECT ADDED ENTRY--TOPICAL TERM (OCLC, RLIN)
Topical term or geographic name as entry element ENVIRONMENTAL AND LAND CONSULTANCY-WASTE MANAGEMENT
942 ## - ADDED ENTRY ELEMENTS (KOHA)
Suppress in OPAC 0
Holdings
Withdrawn status Lost status Source of classification or shelving scheme Damaged status Not for loan Home library Current library Shelving location Date acquired Total Checkouts Full call number Barcode Date last seen Copy number Price effective from Koha item type
    Dewey Decimal Classification     London London News article 12/11/2003   WB3943-19 124287-1001 06/08/2019 1 06/08/2019 News article